000 00807cai a22001815a 4500
001 E146666
008 090213u xxk g s000 0 eng d
035 _a(Sirsi) u146666
041 0 _aeng
110 2 _aScotland
_bScottish Government
_95344
245 0 0 _aGlasgow 2014
_h[electronic resource]
520 _aPart of the Scottish Government's website devoted to Glasgow's bid to host the Commonwealth Games in 2014. Includes information on the Games' legacy.
590 _aKA
651 4 _aGlasgow
690 _aCOMMERCIAL PROPERTY-LEISURE PROPERTY-SPORTS PROPERTY-STADIUM, ARENA AND SPORT COMPLEX PROPERTY-STADIA, ARENAS AND COMPLEXES
856 4 0 _uhttps://www.scotland.gov.uk/Topics/ArtsCultureSport/Sport/MajorEvents/Glasgow-2014
_zView the website free of charge at www.scotland.gov.uk...
942 _n0
999 _c120762
_d120762